<?xml version="1.0" encoding="UTF-8"?>
<record
    xmlns:xsi="http://www.w3.org/2001/XMLSchema-instance"
    xsi:schemaLocation="http://www.loc.gov/MARC21/slim http://www.loc.gov/standards/marcxml/schema/MARC21slim.xsd"
    xmlns="http://www.loc.gov/MARC21/slim">

  <leader>01680nam a22002657a 4500</leader>
  <controlfield tag="003">Uzh_bibl</controlfield>
  <controlfield tag="008">230824b        |||||||| |||| 00| 0 ukr d</controlfield>
  <datafield tag="020" ind1=" " ind2=" ">
    <subfield code="a">978-617-09-8135-691</subfield>
    <subfield code="c">41.33</subfield>
  </datafield>
  <datafield tag="040" ind1=" " ind2=" ">
    <subfield code="b">&#x443;&#x43A;&#x440;</subfield>
  </datafield>
  <datafield tag="041" ind1=" " ind2=" ">
    <subfield code="2">ukr</subfield>
    <subfield code="a">ukr</subfield>
  </datafield>
  <datafield tag="080" ind1=" " ind2=" ">
    <subfield code="a">913</subfield>
  </datafield>
  <datafield tag="090" ind1=" " ind2=" ">
    <subfield code="a">913</subfield>
    <subfield code="b">&#x41A; 28</subfield>
  </datafield>
  <datafield tag="100" ind1=" " ind2=" ">
    <subfield code="a">&#x41A;&#x430;&#x441;&#x43F;&#x430;&#x440;&#x43E;&#x432;&#x430;, &#x42E;&#x43B;&#x456;&#x44F;</subfield>
  </datafield>
  <datafield tag="245" ind1=" " ind2=" ">
    <subfield code="a">&#x413;&#x43E;&#x440;&#x438; &#x442;&#x430; &#x43F;&#x435;&#x447;&#x435;&#x440;&#x438;.</subfield>
    <subfield code="c">&#x425;&#x443;&#x434;. &#x440;&#x435;&#x434;&#x430;&#x43A;. &#x404;. &#x41F;&#x435;&#x440;&#x435;&#x43F;&#x435;&#x43B;&#x438;&#x446;&#x44F;</subfield>
    <subfield code="h">&#x422;&#x435;&#x43A;&#x441;&#x442;</subfield>
  </datafield>
  <datafield tag="260" ind1=" " ind2=" ">
    <subfield code="a">&#x425;&#x430;&#x440;&#x43A;&#x456;&#x432;</subfield>
    <subfield code="b">&#x420;&#x430;&#x43D;&#x43E;&#x43A;</subfield>
    <subfield code="c">2023</subfield>
  </datafield>
  <datafield tag="300" ind1=" " ind2=" ">
    <subfield code="a">24 &#x441;.</subfield>
    <subfield code="b">&#x406;&#x43B;.</subfield>
  </datafield>
  <datafield tag="490" ind1=" " ind2=" ">
    <subfield code="a">&#x421;&#x435;&#x440;&#x456;&#x44F; "&#x427;&#x438;&#x442;&#x430;&#x44E; &#x43F;&#x440;&#x43E; &#x423;&#x43A;&#x440;&#x430;&#x457;&#x43D;&#x443;"</subfield>
  </datafield>
  <datafield tag="520" ind1=" " ind2=" ">
    <subfield code="a">&#x423; &#x446;&#x456;&#x439; &#x43A;&#x43D;&#x438;&#x436;&#x446;&#x456; &#x437; &#x441;&#x435;&#x440;&#x456;&#x457; "&#x427;&#x438;-&#x442;&#x430;-&#x44E; &#x43F;&#x440;&#x43E; &#x423;&#x43A;&#x440;&#x430;&#x457;&#x43D;&#x443;" &#x437;&#x456;&#x431;&#x440;&#x430;&#x43D;&#x456; &#x43A;&#x43E;&#x440;&#x43E;&#x442;&#x43A;&#x456; &#x43E;&#x43F;&#x43E;&#x432;&#x456;&#x434;&#x430;&#x43D;&#x43D;&#x44F;, &#x44F;&#x43A;&#x456; &#x43F;&#x43E;&#x437;&#x43D;&#x430;&#x439;&#x43E;&#x43C;&#x43B;&#x44F;&#x442;&#x44C; &#x43C;&#x430;&#x43B;&#x435;&#x43D;&#x44C;&#x43A;&#x438;&#x445; &#x447;&#x438;&#x442;&#x430;&#x447;&#x456;&#x432;, &#x449;&#x43E; &#x442;&#x456;&#x43B;&#x44C;&#x43A;&#x438; &#x43D;&#x430;&#x432;&#x447;&#x430;&#x44E;&#x442;&#x44C;&#x441;&#x44F; &#x447;&#x438;&#x442;&#x430;&#x442;&#x438; &#x437; &#x433;&#x43E;&#x440;&#x430;&#x43C;&#x438; &#x442;&#x430; &#x43F;&#x435;&#x447;&#x435;&#x440;&#x430;&#x43C;&#x438; &#x43D;&#x430;&#x448;&#x43E;&#x457; &#x423;&#x43A;&#x440;&#x430;&#x457;&#x43D;&#x438;. &#x414;&#x43B;&#x44F; &#x432;&#x438;&#x431;&#x443;&#x434;&#x43E;&#x432;&#x438; &#x43F;&#x440;&#x430;&#x432;&#x438;&#x43B;&#x44C;&#x43D;&#x43E;&#x433;&#x43E; &#x440;&#x438;&#x442;&#x43C;&#x443; &#x442;&#x430; &#x440;&#x43E;&#x437;&#x43F;&#x43E;&#x434;&#x456;&#x43B;&#x443; &#x434;&#x438;&#x445;&#x430;&#x43D;&#x43D;&#x44F; &#x443;&#x441;&#x456; &#x441;&#x43B;&#x43E;&#x432;&#x430; &#x432; &#x442;&#x435;&#x43A;&#x441;&#x442;&#x430;&#x445; &#x43F;&#x43E;&#x434;&#x456;&#x43B;&#x435;&#x43D;&#x456; &#x43D;&#x430; &#x441;&#x43A;&#x43B;&#x430;&#x434;&#x438;. &#x427;&#x443;&#x434;&#x43E;&#x432;&#x456; &#x440;&#x435;&#x430;&#x43B;&#x456;&#x441;&#x442;&#x438;&#x447;&#x43D;&#x456; &#x43A;&#x430;&#x440;&#x442;&#x438;&#x43D;&#x43A;&#x438; &#x434;&#x43E;&#x43F;&#x43E;&#x432;&#x43D;&#x44F;&#x442;&#x44C; &#x432;&#x440;&#x430;&#x436;&#x435;&#x43D;&#x43D;&#x44F; &#x432;&#x456;&#x434; &#x442;&#x435;&#x43A;&#x441;&#x442;&#x456;&#x432;. &#x417;&#x430; &#x434;&#x43E;&#x43F;&#x43E;&#x43C;&#x43E;&#x433;&#x43E;&#x44E; &#x442;&#x435;&#x43A;&#x441;&#x442;&#x456;&#x432; &#x442;&#x430; &#x456;&#x43B;&#x44E;&#x441;&#x442;&#x440;&#x430;&#x446;&#x456;&#x439; &#x43C;&#x430;&#x43B;&#x44E;&#x43A; &#x43D;&#x435; &#x442;&#x456;&#x43B;&#x44C;&#x43A;&#x438; &#x437;&#x434;&#x43E;&#x431;&#x443;&#x434;&#x435; &#x43D;&#x430;&#x432;&#x438;&#x447;&#x43E;&#x43A; &#x447;&#x438;&#x442;&#x430;&#x43D;&#x43D;&#x44F;, &#x430; &#x439; &#x43F;&#x43E;&#x437;&#x43D;&#x430;&#x439;&#x43E;&#x43C;&#x438;&#x442;&#x44C;&#x441;&#x44F; &#x437; &#x440;&#x456;&#x434;&#x43D;&#x438;&#x43C; &#x43A;&#x440;&#x430;&#x454;&#x43C;.</subfield>
  </datafield>
  <datafield tag="521" ind1=" " ind2=" ">
    <subfield code="a">&#x414;&#x43B;&#x44F; &#x43C;&#x43E;&#x43B;&#x43E;&#x434;&#x448;&#x438;&#x445; &#x448;&#x43A;&#x43E;&#x43B;&#x44F;&#x440;&#x456;&#x432;</subfield>
  </datafield>
  <datafield tag="546" ind1=" " ind2=" ">
    <subfield code="a">&#x443;&#x43A;&#x440;.</subfield>
  </datafield>
  <datafield tag="650" ind1=" " ind2=" ">
    <subfield code="a">&#x41B;&#x456;&#x442;&#x435;&#x440;&#x430;&#x442;&#x443;&#x440;&#x43D;&#x43E;-&#x445;&#x443;&#x434;&#x43E;&#x436;&#x43D;&#x454; &#x432;&#x438;&#x434;&#x430;&#x43D;&#x43D;&#x44F;</subfield>
  </datafield>
  <datafield tag="653" ind1=" " ind2=" ">
    <subfield code="a">&#x413;&#x43E;&#x432;&#x435;&#x440;&#x43B;&#x430;</subfield>
    <subfield code="a">&#x41F;&#x435;&#x442;&#x440;&#x43E;&#x441;</subfield>
    <subfield code="a">&#x420;&#x43E;&#x43C;&#x430;&#x43D;-&#x41A;&#x43E;&#x448; &#x442;&#x430; &#x456;&#x43D;.</subfield>
  </datafield>
  <datafield tag="655" ind1=" " ind2=" ">
    <subfield code="a">&#x414;&#x438;&#x442;&#x44F;&#x447;&#x430; &#x43B;&#x456;&#x442;&#x435;&#x440;&#x430;&#x442;&#x443;&#x440;&#x430;</subfield>
    <subfield code="v">&#x41E;&#x43F;&#x43E;&#x432;&#x456;&#x434;&#x430;&#x43D;&#x43D;&#x44F;</subfield>
  </datafield>
  <datafield tag="942" ind1=" " ind2=" ">
    <subfield code="2">udc</subfield>
    <subfield code="c">BK</subfield>
  </datafield>
  <datafield tag="999" ind1=" " ind2=" ">
    <subfield code="c">6877</subfield>
    <subfield code="d">6877</subfield>
  </datafield>
  <datafield tag="952" ind1=" " ind2=" ">
    <subfield code="0">0</subfield>
    <subfield code="1">0</subfield>
    <subfield code="2">udc</subfield>
    <subfield code="4">0</subfield>
    <subfield code="7">0</subfield>
    <subfield code="a">MBdD</subfield>
    <subfield code="b">MBdD</subfield>
    <subfield code="c">ABS</subfield>
    <subfield code="d">2023-07-24</subfield>
    <subfield code="e">&#x41A;&#x43E;&#x448;&#x442;&#x438; &#x43C;&#x456;&#x441;&#x44C;&#x43A;&#x43E;&#x433;&#x43E; &#x431;&#x44E;&#x434;&#x436;&#x435;&#x442;&#x443;</subfield>
    <subfield code="i">77158</subfield>
    <subfield code="l">0</subfield>
    <subfield code="o">913</subfield>
    <subfield code="p">7402</subfield>
    <subfield code="r">2023-08-24</subfield>
    <subfield code="w">2023-08-24</subfield>
    <subfield code="y">BK</subfield>
  </datafield>
</record>
